000 00517nam a2200133 a 4500
008 091203s1997 ||||||||||||||||| || u
050 _aPAPERS/STAFF
100 _aChanda, C. J
245 1 0 _aSouthern African Development Community (SADC): Zambia's role and benefits
260 _aKitwe
_c1997
350 _a0.00
650 0 _aAFRICA--ECONOMIC CONDITIONS
995 _D0.00
_FCBU-MAIN LIBRARY (Kitwe)
_H1
_I0.00
_M1
_UAVAILABLE
_WDec 3, 2009
_ZUniversity Collection
999 _c58002
_d58002